Online
Catalog

Tras las huellas... : (Record no. 25165)

MARC details
000 -CABECERA
campo de control de longitud fija 01697nam a2200325 a 4500
001 - NÚMERO DE CONTROL
campo de control 000025673
005 - FECHA Y HORA DE LA ÚLTIMA TRANSACCIÓN
campo de control 20210319083157.0
008 - DATOS DE LONGITUD FIJA--INFORMACIÓN GENERAL
campo de control de longitud fija 110221s1991 dr ac 001 0 spa d
040 ## - FUENTE DE LA CATALOGACIÓN
Centro catalogador/agencia de origen DO-SdBNP
Lengua de catalogación spa
Centro/agencia transcriptor BNPHU
082 ## - NÚMERO DE LA CLASIFICACIÓN DECIMAL DEWEY
Número de clasificación 305.43
Número de documento/Ítem G934t
100 1# - ENTRADA PRINCIPAL--NOMBRE DE PERSONA
Nombre de persona Guerrero Villalba, María Angustias
9 (RLIN) 52428
245 10 - MENCIÓN DE TÍTULO
Título Tras las huellas... :
Resto del título la mujer dominicana en el mundo del trabajo 1900-1950 /
Mención de responsabilidad, etc. María Angustias Guerrero.
246 13 - FORMA VARIANTE DE TÍTULO
Título propio/Titulo breve Tras las huellas... :
Resto del título la mujer dominicana en el mundo del trabajo en la industria de la aguja de 1900-1950
260 ## - PUBLICACIÓN, DISTRIBUCIÓN, ETC.
Lugar de publicación, distribución, etc. Santo Domingo :
Nombre del editor, distribuidor, etc. CIPAF,
Fecha de publicación, distribución, etc. 1991.
300 ## - DESCRIPCIÓN FÍSICA
Extensión 98 p. :
Otras características físicas il., retrs. ;
Dimensiones 18 cm.
490 1# - MENCIÓN DE SERIE
Mención de serie Ediciones Populares Feministas
490 1# - MENCIÓN DE SERIE
Mención de serie Teoría
504 ## - NOTA DE BIBLIOGRAFÍA, ETC.
Nota de bibliografía, etc. Incluye bibliografía y notas al pie de páginas.
504 ## - NOTA DE BIBLIOGRAFÍA, ETC.
Nota de bibliografía, etc. Bibliografía: p.95-98.
505 0# - NOTA DE CONTENIDO CON FORMATO
Información miscelánea Presentación --
-- Introducción --
Título Antecedentes: Mujeres trabajadoras e ideología patriarcal --
-- Aproximación a los factores del desarrollo del mercado de trabajo en la "Industria de la costura en la fase manufacturera", 1900-1920 --
-- Materiales sobre el trabajo de la mujer e industria de la costura en la República Dominicana: 1900-1940 (una cronología) --
Información miscelánea Bibliografía --
-- Anexos.
590 ## - NOTA LOCAL (RLIN)
Nota local Inventariado, 2018/MFF
650 #0 - PUNTO DE ACCESO ADICIONAL DE MATERIA--TÉRMINO DE MATERIA
Término de materia o nombre geográfico como elemento de entrada Mujeres en República Dominicana
9 (RLIN) 2066
650 #4 - PUNTO DE ACCESO ADICIONAL DE MATERIA--TÉRMINO DE MATERIA
Término de materia o nombre geográfico como elemento de entrada Mujeres trabajadoras
Subdivisión general Historia
Subdivisión geográfica República Dominicana
9 (RLIN) 52429
650 #4 - PUNTO DE ACCESO ADICIONAL DE MATERIA--TÉRMINO DE MATERIA
Término de materia o nombre geográfico como elemento de entrada Mujeres en la industria
9 (RLIN) 2567
650 #4 - PUNTO DE ACCESO ADICIONAL DE MATERIA--TÉRMINO DE MATERIA
Término de materia o nombre geográfico como elemento de entrada Industria del vestido
Subdivisión general Aspectos sociales
9 (RLIN) 52430
710 2# - PUNTO DE ACCESO ADICIONAL--NOMBRE DE ENTIDAD CORPORATIVA
Nombre de entidad corporativa o nombre de jurisdicción como elemento de entrada Centro de Investigación para la Acción Femenina
9 (RLIN) 52431
830 #0 - PUNTO DE ACCESO ADICIONAL DE SERIE-TÍTULO UNIFORME
Título uniforme Ediciones Populares Feministas
9 (RLIN) 9429
830 #0 - PUNTO DE ACCESO ADICIONAL DE SERIE-TÍTULO UNIFORME
Título uniforme Teoría
9 (RLIN) 35948
910 ## - DATOS DE OPCIÓN DEL USUARIO (OCLC)
Datos de opción del usuario Validado. Control de calidad EMS
Holdings
Estado de retiro Estado de pérdida Restricciones de uso No para préstamo Código de colección Localización permanente Ubicación/localización actual Ubicación en estantería Fecha de adquisición Número de inventario Total de préstamos Signatura topográfica completa Código de barras Fecha visto por última vez Número de copia Precio válido a partir de Tipo de ítem Koha
        Dominicana de Servicio General General Depósito 21.02.2011 LF1   305.43 G934t 25673-30 25.06.2020 e. 3 25.06.2020 Libro y Folleto Colección Dominicana de Servicio
        Dominicana de Servicio General General Depósito 21.02.2011 LF1   305.43 G934t 25673-40 25.06.2020 e. 4 25.06.2020 Libro y Folleto Colección Dominicana de Servicio
        Dominicana de Servicio General General Depósito 21.02.2011 LF1   305.43 G934t 25673-50 25.06.2020 e. 5 25.06.2020 Libro y Folleto Colección Dominicana de Servicio
      Excluido de préstamo Patrimonio Dominicano Patrimonio Dominicano Patrimonio Dominicano Depósito 21.02.2011 LF1   305.43 G934t 25673-10 25.06.2020   25.06.2020 Libro y Folleto Colección Patrimonio Dominicano
      Excluido de préstamo Patrimonio Dominicano Patrimonio Dominicano Patrimonio Dominicano Depósito 21.02.2011 LF1   305.43 G934t 25673-20 25.06.2020 e. 2 25.06.2020 Libro y Folleto Colección Patrimonio Dominicano

Powered by Koha